000 00821nam a2200193 a 4500
001 000024836
005 20200930023411.0
008 110204s2000 pn ad r 000 0 spa d
020 _a9962606152
040 _aDO-SdBNP
_bspa
_cBNPHU
082 _axxxx
_bP964m
110 2 _aPrograma Promoción de la Igualdad de Oportunidades en Panamá (PROIGUALDAD)
_950979
245 1 0 _aMujeres y violencia :
_bHistoria de vida /.
260 _a[Ciudad de Panamá] :
_bInstituto de la Mujer de la Universidad de Panamá,
_c2000.
300 _a183 p. :
_bil., retrs. ;
_c21 cm.
500 _aEn la portada: Diagnóstico de la situación socioeconómica con enfoque de género en los corregimientos de Santa Ana, San Felipe, El Chorrillo, Calidonia, Curundú y Ancón.
500 _aIncluye bibliografía p. [182-183].
049 _aBNGR
999 _c24329
_d24329